| 000 | 00422nam 22001453 4500 | ||
|---|---|---|---|
| 001 | 195119 | ||
| 010 | _a972-47-3186-3 | ||
| 021 | _b244201/06 | ||
| 090 | _a195119 | ||
| 100 | _a20250313d u||y0pory50 ba | ||
| 200 |
_aGramática de língua francesa _fAnne Marie Ferret, Camille Michelle Bourneix |
||
| 210 |
_aLisboa _cTexto Editores _d2006 |
||
| 225 | _aDicionários e auxiliares de línguas | ||
| 801 |
_aPT _bBMMN _gRPC |
||
| 990 | _cLIVROS | ||